000 00222 a2200097 4500
020 _a9788126440818
100 _aMuttathu Varkey
245 _aJagajilly(ജഗജില്ലി)
260 _bD C books
_c2025
942 _cOO
999 _c115314
_d115313